Nova lei de licitações passo a passo : (Record no. 382)

MARC details
000 -LÍDER
Campo Fixo de Controle 00907nam a2200265 a 4500
001 - NÚMERO DE CONTROLE
Campo de Controle 382
003 - IDENTIFICAÇÃO DO NÚMERO DE CONTROLE
Campo de Controle BR-CuiBMT
005 - DATA E HORA DA ÚLTIMA ATUALIZAÇÃO
Campo de Controle 20231103124822.0
008 - DADOS FIXOS
Dados Fixos 231103s2022 mgba 000 0 por d
020 ## - INTERNATIONAL STANDARD BOOK NUMBER
Nº do ISBN 9786555182163
040 ## - AGÊNCIA CATALOGADORA
Código da Agência Catalogadora BR-CuiBMT
Agência que transcreveu o registro BR-CuiBMT
080 ## - Nº DA CLASSIFICAÇÃO DECIMAL UNIVERSAL
Nº edição CDU 2007
Nº Class. CDU 351.712.2.02
090 ## - NÚMERO DE CHAMADA
Nº classificação 351.712.2.02
Cutter B624n
100 1# - ENTRADA PRINCIPAL -- AUTOR PESSOAL
Nome pessoal Bittencourt, Sidney
245 0# - TÍTULO PRINCIPAL
Título principal Nova lei de licitações passo a passo :
Subtítulo comentando, artigo por artigo, a nova Lei de licitações e contratos administrativos, Lei nº 14.133 de 1º de abril de 2021 /
Indicação de responsabilidade Sidney Bittencourt ; prefácio, Sergio de Andréa Ferreira.
250 ## - EDIÇÃO
Edição 1. reimpr.
260 ## - PUBLICAÇÃO, DISTRIBUIÇÃO, ETC.
Local de publicação Belo Horizonte :
Editora Forum,
Data 2022.
300 ## - DESCRIÇÃO FÍSICA
N. páginas ou volumes 982 p. :
Ilustrações il.
Dimensões 24 cm
504 ## - NOTA DE BIBLIOGRAFIA, ETC.
Nota de bibliografia Inclui bibliografia.
650 ## - ASSUNTO TÓPICO
Cabeçalho tópico ou nome geográfico Licitação
650 ## - ASSUNTO TÓPICO
Cabeçalho tópico ou nome geográfico Direito administrativo
650 ## - ASSUNTO TÓPICO
Cabeçalho tópico ou nome geográfico Contrato administrativo
650 ## - ASSUNTO TÓPICO
Cabeçalho tópico ou nome geográfico Compras públicas
942 ## - ELEMENTOS DE ENTRADA ADICIONAIS (KOHA)
Fonte de classificação ou esquema de arquivamento Classificação Decimal Universal
Tipo de item do Koha Livros
Holdings
Estado: removido Estado: perdido Fonte de classificação ou esquema de arquivamento Estado: danificado Indisponível para empréstimo Localização permanente Localização atual Data de aquisição Total Checkouts Número de Chamada completo Código de barras Date last seen Número do exemplar Preço efetivo a partir de Tipo de item (Koha)
    Classificação Decimal Universal     Biblioteca da Escola Superior de Contas do TCE/MT Biblioteca da Escola Superior de Contas do TCE/MT 03/11/2023   351.712.2.02 B624n BIBTCEMT23110086 03/11/2023 Ex. 1 03/11/2023 Livros
    Classificação Decimal Universal     Biblioteca da Escola Superior de Contas do TCE/MT Biblioteca da Escola Superior de Contas do TCE/MT 03/11/2023   351.712.2.02 B624n BIBTCEMT23110087 03/11/2023 Ex. 2 03/11/2023 Livros
    Classificação Decimal Universal     Biblioteca da Escola Superior de Contas do TCE/MT Biblioteca da Escola Superior de Contas do TCE/MT 03/11/2023   351.712.2.02 B624n BIBTCEMT23110088 03/11/2023 Ex. 3 03/11/2023 Livros
    Classificação Decimal Universal     Biblioteca da Escola Superior de Contas do TCE/MT Biblioteca da Escola Superior de Contas do TCE/MT 03/11/2023   351.712.2.02 B624n BIBTCEMT23110089 03/11/2023 Ex. 4 03/11/2023 Livros

Powered by Koha